000 00905cam a2200169 4500
001 WS116477
008 020125n2011 000 0 eng u
035 _a(Sirsi) u116477
110 _aInternational Council for Research and Innovation in Building and Construction
_94189
245 _aCIB
_bInternational Council for Research and Innovation in Building and Construction
_h[electronic resource]
520 _aWebsite for CIB whose purpose is to provide a global network for international exchange and cooperation in research and innovation in building and construction in support of an improved building process and of improved performance of the built environment.
650 _aORGANISATION
650 _aINTERNATIONAL
690 _aBUILT ENVIRONMENT-CONSTRUCTION MARKET
856 4 0 _uhttps://www.cibworld.nl/site/home/index.html
_zView the website free of charge at www.cibworld.nl
942 _n0
999 _c119996
_d119996